Wiedza ogólna - kolor jest odpowiedzią - Statystyki

Ogólne statystyki
  • Ten quiz został rozwiązany 32 razy
  • Średni wynik to 15 z 20
Statystyki odpowiedzi
Pytanie Odpowiedź % Poprawnych
Jakiego koloru jest flaga symbolizująca kapitulację, poddanie się? Biała
100%
Jaką nazwę nosi morze znajdujące się między wybrzeżem Arabii Saudyjskiej a Egiptu i Sudanu? Czerwone
100%
Który budynek jest oficjalną rezydencją i miejscem pracy prezydentów USA? {Biały} Dom
97%
Jaką nazwę nosi popularna, bezprzewodowa technologia komunikacji krótkiego zasięgu (zazwyczaj do 10-100 m), działająca w paśmie 2,4 GHz? {Blue}thooth
97%
Jakim terminem określa się najżyźniejszą, naturalną glebę o głębokiej warstwie próchniczej (powyżej 30 cm), bogatą w wapń, potas oraz magnez? {Czarno}ziem
97%
Mars potocznie jest określany jako jaka planeta? Czerwona
97%
Jaką nazwę nosi najstarszy na świecie słynący między innymi z gejzerów park narodowy? {Yellow}stone
97%
Jaką nazwę nosi procedura systemu działań podejmowanych w przypadku podejrzenia przemocy domowej? {Niebieska} Karta
94%
Jaką nazwę nosiła konspiracyjna organizacja harcerska ZHP działająca podczas II wojny światowej? {Szare} Szeregi
94%
Jaką nazwę nosi tatrzańskie jezioro położone w kotle polodowcowym w Dolinie Rybiego Potoku? {Czarny} Staw
90%
Jaką nazwę nosi największe miasto województwa lubuskiego? {Zielona} Góra
87%
Jakiego koloru była łódź podwodna w słynnym hicie zespołu The Beatles? Żółta
74%
Jak określa się serię protestów i wydarzeń politycznych na Ukrainie spowodowanych sfałszowaniem wyborów prezydenckich w 2004 roku? {Pomarańczowa} Rewolucja
58%
Jakim terminem określa się okres silnego antykomunizmu i ogólnym strachem przed inwigilacją USA przez komunistów? {Czerwona} panika
52%
Jakiego koloru oczy miała dziewczyna z hitu Van Morrisona z 1967 roku? Brązowe
48%
Jaką nazwę nosi kluczowy składnik ośrodkowego układu nerwowego, zbudowany głównie z ciał komórek nerwowych, neuronów, komórek glejowych i synaps? Istota {szara}
48%
Według polskiego przysłowia z zazdrości podobno można... Zzielenieć
48%
Co oznacza pochodząca z języka francuskiego nazwa amerykańskiego stanu Vermont? {Zielone} Góry
39%
Jaką nazwę nosiła ochotnicza formacja wojskowa powstała w 1917 r. podczas I wojny światowej z inicjatywy Komitetu Narodowego Polskiego? {Błękitna} Armia
26%
Jaką nazwę nosi amerykańskie odznaczenie wojskowe dla rannych? {Purpurowe} Serce
19%
Nie znaleziono quizów pasujących do podanych kryteriów
Rozkład punktacji
Procent ludzi z każdym wynikiem
Percentyl według liczby udzielonych odpowiedzi
Twoja historia wyników
Nie rozwiązałeś tego quizu